| 000 | 00408nam a22001577a 4500 | ||
|---|---|---|---|
| 020 | _a9789812431257 | ||
| 040 | _cNUST | ||
| 082 | _a621.319 GLO | ||
| 100 |
_aGlover, J. Duncan _9112210 |
||
| 110 |
_aSarma, Mulukutla.S _9112211 |
||
| 245 | _aPower System; Analysis and Design | ||
| 250 | _a3rd Ed | ||
| 260 |
_aAustralia; _bWadsworth Group, _c2002. |
||
| 650 |
_aPower System _9101579 |
||
| 942 |
_2ddc _cBK |
||
| 999 |
_c594710 _d594710 |
||